Electric Machines : (Record no. 175559)
[ view plain ]
| 000 -LEADER | |
|---|---|
| fixed length control field | 01084 a2200241 4500 |
| 003 - CONTROL NUMBER IDENTIFIER | |
| control field | Nust |
| 005 - DATE AND TIME OF LATEST TRANSACTION | |
| control field | 20220803113335.0 |
| 010 ## - LIBRARY OF CONGRESS CONTROL NUMBER | |
| LC control number | 00051753 |
| 020 ## - INTERNATIONAL STANDARD BOOK NUMBER | |
| International Standard Book Number | 0072423706 (alk. paper) |
| 040 ## - CATALOGING SOURCE | |
| Transcribing agency | Nust |
| 082 00 - DEWEY DECIMAL CLASSIFICATION NUMBER | |
| Classification number | 621.31042,CAT |
| 100 1# - MAIN ENTRY--PERSONAL NAME | |
| Personal name | Cathey, Jimmie J. |
| 9 (RLIN) | 25030 |
| 245 10 - TITLE STATEMENT | |
| Title | Electric Machines : |
| Remainder of title | Analysis and Design Applying Matlab / |
| Statement of responsibility, etc. | Jimmie J. Cathey. |
| 260 ## - PUBLICATION, DISTRIBUTION, ETC. | |
| Place of publication, distribution, etc. | Boston : |
| Name of publisher, distributor, etc. | McGraw-Hill, |
| Date of publication, distribution, etc. | 2001. |
| 300 ## - PHYSICAL DESCRIPTION | |
| Extent | xiv, 530 p. : |
| Other physical details | ill. ; |
| Dimensions | 24 cm. |
| 505 ## - FORMATTED CONTENTS NOTE | |
| Formatted contents note | Introduction (Page-1), Sinusoidal Steady-State Circuits (Page-5), Magnetic Circuits and Energy Conversion (Page-49), Transformers (Page-131), DC Machines (Page-229), Induction Motors (Page-317), Synchronous Machines (Page-421). |
| 650 #0 - SUBJECT ADDED ENTRY--TOPICAL TERM | |
| Topical term or geographic name entry element | Electric machinery |
| General subdivision | Computer-aided design. |
| 9 (RLIN) | 96392 |
| 650 #0 - SUBJECT ADDED ENTRY--TOPICAL TERM | |
| Topical term or geographic name entry element | Electric machinery |
| General subdivision | Design and construction |
| -- | Computer programs. |
| 9 (RLIN) | 96393 |
| 650 #0 - SUBJECT ADDED ENTRY--TOPICAL TERM | |
| Topical term or geographic name entry element | MATLAB. |
| 9 (RLIN) | 94870 |
| 856 42 - ELECTRONIC LOCATION AND ACCESS | |
| Materials specified | Publisher description |
| Uniform Resource Identifier | <a href="http://www.loc.gov/catdir/description/mh021/00051753.html">http://www.loc.gov/catdir/description/mh021/00051753.html</a> |
| 856 42 - ELECTRONIC LOCATION AND ACCESS | |
| Materials specified | Table of contents |
| Uniform Resource Identifier | <a href="http://www.loc.gov/catdir/toc/mh021/00051753.html">http://www.loc.gov/catdir/toc/mh021/00051753.html</a> |
| 942 ## - ADDED ENTRY ELEMENTS (KOHA) | |
| Koha item type | Reference |
| Source of classification or shelving scheme | |
| Withdrawn status | Lost status | Source of classification or shelving scheme | Damaged status | Not for loan | Permanent Location | Current Location | Shelving location | Date acquired | Full call number | Barcode | Date last seen | Price effective from | Koha item type | Public note |
|---|---|---|---|---|---|---|---|---|---|---|---|---|---|---|
| Military College of Signals (MCS) | Military College of Signals (MCS) | Reference | 12/12/2016 | 621.31042,CAT | MCS28540 | 12/08/2016 | 12/12/2016 | Reference | Almirah No.20, Shelf No.3 |
